ARRUPE JESUIT UNIVERSITY

CORONAVIRUS -STOP THE SPREAD - CLEAN,DISINFECT,COVER

The discovery of subatomic particles / (Record no. 121738)

MARC details
000 -LEADER
fixed length control field 01016cam a2200337 a 4500
001 - CONTROL NUMBER
control field 230548
003 - CONTROL NUMBER IDENTIFIER
control field ARRUPE
005 - DATE AND TIME OF LATEST TRANSACTION
control field 20150116131347.0
008 - FIXED-LENGTH DATA ELEMENTS--GENERAL INFORMATION
fixed length control field 840604s1983 nyua b 001 0 eng
010 ## - LIBRARY OF CONGRESS CONTROL NUMBER
LC control number 82023157
020 ## - INTERNATIONAL STANDARD BOOK NUMBER
International Standard Book Number 0716714884
020 ## - INTERNATIONAL STANDARD BOOK NUMBER
International Standard Book Number 0716714892 (pbk.)
035 ## - SYSTEM CONTROL NUMBER
System control number (OCoLC)60008787
035 ## - SYSTEM CONTROL NUMBER
System control number (OCoLC)ocm60008787
035 ## - SYSTEM CONTROL NUMBER
System control number (CStRLIN)NYCG84-B36203
035 ## - SYSTEM CONTROL NUMBER
System control number (NNC)230548
040 ## - CATALOGING SOURCE
Transcribing agency arrupe
050 0# - LIBRARY OF CONGRESS CALL NUMBER
Classification number QC793.2
Item number .W44 1983
082 0# - DEWEY DECIMAL CLASSIFICATION NUMBER
Classification number 539.7/21
Edition number 19
090 ## - LOCALLY ASSIGNED LC-TYPE CALL NUMBER (OCLC); LOCAL CALL NUMBER (OCLC)
Classification number (OCLC) (R) ; Classification number, CALL (RLIN) (NR) QC793.2
Local cutter number (OCLC) ; Book number/undivided call number, CALL (RLIN) .W44 1983
300 ## - PHYSICAL DESCRIPTION
Other physical details ill. ;
Dimensions 24 cm.
100 1# - MAIN ENTRY--PERSONAL NAME
Personal name Weinberg, Steven.
9 (RLIN) 13516
245 14 - TITLE STATEMENT
Title The discovery of subatomic particles /
Statement of responsibility, etc Steven Weinberg.
260 ## - PUBLICATION, DISTRIBUTION, ETC. (IMPRINT)
Place of publication, distribution, etc New York :
Name of publisher, distributor, etc Scientific American Books,
Date of publication, distribution, etc c1983.
300 ## - PHYSICAL DESCRIPTION
Extent xiii, 206 p. :
490 1# - SERIES STATEMENT
Series statement Scientific American library
504 ## - BIBLIOGRAPHY, ETC. NOTE
Bibliography, etc Includes bibliographical references and index.
650 #0 - SUBJECT ADDED ENTRY--TOPICAL TERM
Topical term or geographic name as entry element Particles (Nuclear physics)
9 (RLIN) 13723
830 #0 - SERIES ADDED ENTRY--UNIFORM TITLE
Uniform title Scientific American Library series.
9 (RLIN) 14148
942 ## - ADDED ENTRY ELEMENTS (KOHA)
Source of classification or shelving scheme Library of Congress Classification
Koha item type Monograph ( Printed materials)
Holdings
Withdrawn status Lost status Source of classification or shelving scheme Damaged status Not for loan Collection code Home library Current library Shelving location Date acquired Total Checkouts Full call number Barcode Date last seen Price effective from Koha item type
    Library of Congress Classification     Main Collection ARRUPE LIBRARY ARRUPE LIBRARY Main Collection 16/01/2015   QC793.2 .W44 1983 46500003188 02/07/2019 16/01/2015 Monograph ( Printed materials)

 

Arrupe Library. PO Box MP320 Mt Pleasant, Harare, Zimbabwe
263 242 745411|librarian@aju.ac.zw